|
|
|
|
| LEADER |
01344nam a22003254a 4500 |
| 001 |
41002 |
| 003 |
BD-DhAAL |
| 005 |
20230322134516.0 |
| 008 |
220323t2002 dcua bf i000 0 eng |
| 010 |
|
|
|a 2002066398
|
| 020 |
|
|
|a 082134997X
|
| 020 |
|
|
|a 9780821349977
|
| 040 |
|
|
|a DLC
|c DLC
|d DLC
|d BD-DhAAL
|
| 042 |
|
|
|a pcc
|
| 082 |
0 |
0 |
|a 382
|2 21
|
| 245 |
0 |
0 |
|a Development, trade, and the WTO :
|b a handbook /
|c Bernard Hoekman, Aaditya Mattoo, and Philip English, editors.
|
| 260 |
|
|
|a Washington, D.C. :
|b World Bank,
|c c2002.
|
| 300 |
|
|
|a xxx, 641 pages :
|b illustrations ;
|c 27 cm.
|
| 504 |
|
|
|a Includes bibliographical references (p. 605-628) and index.
|
| 541 |
|
|
|a Akbar Ali Khan Collection
|e 41002
|
| 610 |
2 |
0 |
|a World Trade Organization
|v Handbooks, manuals, etc.
|9 53916
|
| 650 |
|
0 |
|a International economic relations
|v Handbooks, manuals, etc.
|9 53917
|
| 650 |
|
0 |
|a International trade
|v Handbooks, manuals, etc.
|9 53918
|
| 700 |
1 |
|
|a Hoekman, Bernard M.,
|d 1959-
|9 53919
|
| 700 |
1 |
|
|a Mattoo, Aaditya.
|9 53409
|
| 700 |
1 |
|
|a English, Philip.
|9 53920
|
| 852 |
|
|
|a Ayesha Abed Library
|c Akbar Ali Khan Collection
|
| 942 |
|
|
|2 ddc
|c BK
|
| 999 |
|
|
|c 45617
|d 45617
|
| 952 |
|
|
|0 0
|1 0
|2 ddc
|4 0
|6 382_000000000000000_DEV
|7 1
|9 73443
|a BRACUL
|b BRACUL
|c AAKC
|d 2023-03-22
|e Donated by Akbar Ali Khan
|g 5124.35
|l 0
|o 382 DEV
|p 3010041002
|r 2023-03-22
|t 1
|w 2023-03-22
|y BK
|